Les cinq derniers pays par ordre alphabétique par continent - Statistiques

Statistiques générales
  • Ce quiz a été pris 540 fois
  • Le résultat moyen est 22 sur 30
Statistiques - réponses
Continent Country % Correct
Afrique Zimbabwe
98%
Amérique du sud Venezuela
95%
Afrique Zambie
95%
Amérique du sud Uruguay
93%
Europe Vatican
86%
Asie Yémen
83%
Amérique du sud Suriname
82%
Amérique du sud Paraguay
81%
Océanie Vanuatu
81%
Amérique du sud Pérou
79%
Europe Ukraine
79%
Océanie Tuvalu
76%
Océanie Tonga
75%
Asie Turquie
75%
Océanie Samoa
74%
Europe Suède
73%
Asie Turkménistan
71%
Amérique du Nord Sainte-Lucie
69%
Amérique du Nord Saint-Vincent-et- les-Grenadines
69%
Amérique du Nord Saint-Christophe- et-Niévès
68%
Europe Slovénie
68%
Asie Viêt Nam
68%
Océanie Salomon
66%
Afrique Togo
65%
Amérique du Nord Trinité-et-Tobago
64%
Europe Suisse
61%
Amérique du Nord Salvador
55%
Afrique Tchad
52%
Afrique Tunisie
49%
Asie Timor-Leste
45%
Aucun quiz correspondant
Distribution des résultats
% des personnes avec chaque résultat
Percentile par nombre de réponses
Votre historique - résultats
Vous n’avez pas pris ce quiz